000 00822nam a22002657a 4500
001 6802
003 FISKH
005 20250805080822.0
008 250528b cb ||||| |||| 00| 0 eng d
020 _a9789814281249
040 _aFISKH
_beng
_cFISKH
_dFISKH
050 _aPZ7
082 _a813.6
100 _aSmith, Annette
245 _aBeauty and the beast /
_cRetold by Annette SMith ; Illustrated by Loma Tilders
260 _aMilburn :
_bNilson Prince,
_c1999.
300 _a32 pages :
_bcolor illustrations ;
_c21 cm
505 _aG
520 _aThe PM philosophy and levelling system is consistent through all the resources in the entire PM Family
521 8 _a300
_bLexile estimate
521 8 _aG
_bRaz-Plus
650 _aStory Teller
_vBeauty
942 _2ddc
_cBK
_n0
999 _c6802
_d6802